书目信息 |
| 题名: |
婴幼儿评量、评监及课程计画系统
|
|
| 作者: | 布里克 , 普雷蒂-弗龙察克 编著 ;第一社会福利基金会 译 | |
| 分册: | 第三册 | |
| 出版信息: | 台北 心理出版社股份有限公司 2005 |
|
| 页数: | 415页 | |
| 开本: | 26cm | |
| 丛书名: | 障碍教育 | |
| 单 册: | ||
| 中图分类: | G61 , G760 | |
| 科图分类: | ||
| 主题词: | 婴幼儿--早期教育--研究 , 婴幼儿--特殊教育--教育评估 | |
| 电子资源: | ||
| ISBN: | 957-702-815-2 | |
| 000 | 01551oam2 2200361 450 | |
| 001 | 1536004581 | |
| 005 | 20150201100120.20 | |
| 010 | @a957-702-815-2@dTWD500.00 | |
| 100 | @a20130219d2005 ekmy0chiy0120 ea | |
| 101 | 1 | @achi@ceng |
| 102 | @aCN@b710000 | |
| 105 | @aak z 000yy | |
| 200 | 1 | @a婴幼儿评量、评监及课程计画系统@9ying you er ping liang 、 ping jian ji ke cheng ji hua xi tong@h第三册@fDiane Bricker,Kristie Pretti-Frontczak编著@g第一社会福利基金会译 |
| 210 | @a台北@c心理出版社股份有限公司@d2005 | |
| 215 | @a415页@c图@d26cm | |
| 225 | 2 | @a障碍教育@v56 |
| 305 | @a据1996年英文版译出 | |
| 312 | @a封面题分册题名: 3岁至6岁的AEPS测量 | |
| 314 | @a责任者(Bricker)规范汉译姓: 布里克, 编目员自译责任者(Pretti-Frontczak)汉译姓: 普雷蒂-弗龙察克 | |
| 461 | 0 | @12001 @a障碍教育 |
| 500 | 10 | @aAssessment, evaluation, and programming system for infants and children@mchi |
| 510 | 1 | @aAssessment, evaluation, and programming system for infants and children@hVolume 3@iAEPS measurement for three to six years@zeng |
| 517 | 1 | @a3岁至6岁的AEPS测量@93 sui zhi 6 sui de AEPS ce liang |
| 518 | 1 | @a婴幼儿评量评鉴及课程计画系统 |
| 606 | 0 | @a婴幼儿@x早期教育@x研究 |
| 606 | 0 | @a婴幼儿@x特殊教育@x教育评估 |
| 690 | @aG61@v5 | |
| 690 | @aG760@v5 | |
| 701 | 1 | @a布里克@9bu li ke@g(Bricker, Diane)@4编著 |
| 701 | 1 | @a普雷蒂-弗龙察克@9pu lei di - fu long cha ke@g(Pretti-Frontczak, Kristie)@4编著 |
| 712 | 02 | @a第一社会福利基金会@9di yi she hui fu li ji jin hui@4译 |
| 801 | 0 | @aCN@bTSSF@c20150201 |
| 905 | @aZUCC@dG61@eJY36:3 | |
| 婴幼儿评量、评监及课程计画系统.第三册/Diane Bricker,Kristie Pretti-Frontczak编著/第一社会福利基金会译.-台北:心理出版社股份有限公司,2005 |
| 415页:图;26cm.-(障碍教育;56) |
| ISBN 957-702-815-2:TWD500.00 |
| ● |
| 相关链接 |
|
|
|
|
正题名:婴幼儿评量、评监及课程计画系统
索取号:G61/JY36:3
 
预约/预借
| 序号 | 登录号 | 条形码 | 馆藏地/架位号 | 状态 | 备注 |
| 1 | 7864134 | 278641347 | 学院路分馆/ [索取号:G61/JY36:3] | 在馆 |